|
|
|
|
| LEADER |
01043nam a2200253 a 4500 |
| 001 |
38514 |
| 003 |
BD-DhAAL |
| 008 |
220517t1998 dcud 000 0 eng d |
| 999 |
|
|
|c 44184
|d 44184
|
| 035 |
|
|
|a 1858155
|
| 040 |
|
|
|a CS+RLIN
|b eng
|d ANL
|d BD-DhAAL
|
| 082 |
|
|
|a 332.10915
|
| 245 |
0 |
0 |
|a New directions in Asian housing finance :
|b linking capital markets and housing finance /
|c edited by Masakazu Watanabe.
|
| 260 |
|
|
|a Washington, D.C. :
|b International Finance Corporation,
|c 1998.
|
| 300 |
|
|
|a 241 pages ;
|c 23 cm.
|
| 541 |
|
|
|a Donated By Akbar Ali Khan
|e 38514
|
| 650 |
|
0 |
|a Housing
|x Finance
|z Asia.
|9 48451
|
| 650 |
|
0 |
|a Capital market
|z Asia.
|9 48452
|
| 650 |
|
0 |
|a Finance.
|9 48453
|
| 700 |
1 |
|
|a Watanabe, Masakazu.
|9 48454
|
| 710 |
2 |
|
|a International Finance Corporation.
|9 48455
|
| 852 |
|
|
|a Donated By Akbar Ali Khan
|c Akbar Ali Khan Collection
|
| 942 |
|
|
|2 ddc
|c BK
|
| 952 |
|
|
|0 0
|1 0
|2 ddc
|4 0
|6 332_109150000000000_NEW
|7 1
|9 70625
|a BRACUL
|b BRACUL
|c AAKC
|d 2022-05-17
|e Donated by Akbar Ali Khan
|l 0
|o 332.10915 NEW
|p 3010038514
|r 2022-05-17
|t 1
|w 2022-05-17
|y BK
|